01267nam a2200373 i 450000100060000000300090000600500170001500800390003201500170007103500210008804000410010904100080015004600090015808000080016708000100017510000400018524500520022525000150027726000710029230000470036333600270041033700540043733800280049138000160051952100420053565000390057765000120061665000190062865000210064765500420066865800280071071000570073885600980079511216KOSZ 00520230209145126.0071110s1968 pl a f f |000 0 pol aPB 1968/8862 a(OCoLC)838914477 aWA NcWA NdKOSZ 005/EGdKOSZ 005/HR apol k1968 a621 a(075)1 aGodlewski, Michałd(1917- )eAutor10aPoradnik dla mechaników /cMichał Godlewski. aWyd. 9 zm. aWarszawa :bPaństwowe Wydawnictwo Szkolnictwa Zawodowego,c1968. a359, [1] s., [2] k. tabl. :bil. ;c21 cm. 2rdacontentaTekstbtxt 2rdamediaaBez urządzenia pośredniczącegobn 2rdacarrieraWoluminbnc aKsiążki8 aDla zasadniczych szkół zawodowych. 4a Konstrukcja maszyn i urządzeń 4aMaszyny 4aMetaloznawstwo 4aObróbka metali 4aPodręczniki dla szkół zawodowych aInżynieria i technika2 aPaństwowe Wydawnictwo Szkolnictwa Zawodowego4pbl. uhttp://koha.tu.koszalin.pl/cgi-bin/koha/opac-detail.pl?biblionumber=11216yKatalog online BPK